01441cam a2200325 a 450000100090000000300090000900500170001800800410003501000170007602000240009302000210011702500270013803700530016504000280021804200150024604300120026105000240027308200160029724501120031326001920042530000490061750001020066650400710076865100500083965100480088965100730093770000380101070000240104871000430107217331795BDDh-ASL20231015030030.0120605s1958 ii ab b 001 0 eng  a 2012335375 a9780198069713 (set) a0198069715 (set) aI-E-2012-335375; 61-31 bLibrary of Congress -- New Delhi Overseas Office aDLCcDLCdDLCdBDDh-ASL alcodeapcc aa-ii---00aDS485.U64bF72 2011 a954.25bFRE00aFreedom struggle in Uttar Pradesh, Volume -2: b1857-59: Awadh /cedited by S.A.A. Rizvi and M.L. Bhargava. aNew Delhi :aUttar Pradesh:bOxford University Press in arrangement with Indian Council of Historical Research,bPublication Bureau, Information Department, Uttar Pradesh, c2011.c1958.  av-2, 736 p. :bill., maps (folded) ;c24 cm. a"First published 1957 by Publications Bureau, Information Department, Uttar Pradesh"--T.p. verso. aIncludes bibliographical references (v. 2, p. 83-664) and indexes. 0aUttar Pradesh (India)xHistoryy19th century. 0aIndiaxHistoryySepoy Rebellion, 1857-1858. 0aUttar Pradesh (India)xHistoryxAutonomy and independence movements.1 aRizvi, Saiyid Athar Abbas,d1921-1 aBhargava, Moti Lal.2 aIndian Council of Historical Research.